000 00473nam a2200181Ia 4500
005 20250508155401.0
008 008 250505s9999 xx 000 0 eng d
037 _aTextual
040 _aFEDL
_beng
_cFEDL
041 _aeng
_2eng
084 _a711.4, NEL
_qFEDL
100 _aNelms Henning
245 0 _aPlay production
260 _aNew York, USA
_bBarnes and Noble
_c1959
300 _a301p.
942 _cTEXL
_h711.4, NEL
999 _c1356381
_d1356381